| 000 | 00867cam a2200253 i 4500 | ||
|---|---|---|---|
| 001 | 3858 | ||
| 003 | Mx-PuUPA | ||
| 005 | 20220502142512.0 | ||
| 008 | 140415s1988 it a gr 000 0 spa d | ||
| 040 |
_aMx-PuUPA _bspa _cMx-PuUPA _dMx-PuUPA _erda |
||
| 041 | 0 | _aspa | |
| 100 | 1 |
_aBertoglio, Lucia, _eautor _912526 |
|
| 245 | 1 | 3 |
_aLa fuerza de una entrega / _cSour Lucia Angela Bertoglio |
| 264 | 1 |
_aRoma : _bPontificia Universitaria Lateranense, _c1988 |
|
| 300 |
_a753 páginas : _bilustraciones, láminas (en blanco y negro) ; _c28 cm. |
||
| 336 |
_2rdacontent _atexto _btxt |
||
| 337 |
_2rdamedia _asin medio _bn |
||
| 338 |
_2rdacarrier _avolumen _bnc |
||
| 600 | 1 | 4 |
_aYermo y Parres, José María de, _d1851-1904 _vBiografía _2armarc |
| 651 | 4 |
_aMéxico _xHistoria |
|
| 942 |
_2ddc _cLI _h972 _iB482 |
||
| 999 |
_c3858 _d3858 |
||